000 00344nam a2200133Ia 4500
005 20260326235449.0
008 260326s9999||||xx |||||||||||||| ||und||
100 _aWiebenson, Dora
245 0 _aTony Garnier :
_b The Cité Industrielle /
_cDora Wiebenson
260 _bGeorge Brazilier
300 _a127 p.
650 _aARQUITECTOS
942 _cBK
999 _c7696
_d7696